| 000 | 00918nam a2200265 i 4500 | ||
|---|---|---|---|
| 001 | bg | ||
| 100 | 1 | _aAbramowicz, Adam. | |
| 245 | 1 | 0 |
_aFiltry mikrofalowe w systemach radiokomunikacyjnych / _cAdam Abramowicz. |
| 260 |
_aWarszawa : _bOficyna Wydawnicza Politechniki Warszawskiej, _c2008. |
||
| 300 |
_a153 s. : _bil. ; _c24 cm. |
||
| 490 | 1 |
_aPrace Naukowe / Politechnika Warszawska. Elektronika, _x0137-2343 ; _vz. 162 |
|
| 500 | _aOpis wg okł. Tyt. nagł. serii : Prace Naukowe Politechniki Warszawskiej. | ||
| 504 | _aBibliogr. s. 135-151 | ||
| 546 | _aStreszcz. ang. | ||
| 650 | 9 | _aFiltry mikrofalowe | |
| 650 | 9 |
_aRadiokomunikacja _xurządzenia |
|
| 830 | 0 |
_aPrace Naukowe - Politechnika Warszawska. _pElektronika ; _vz. 162 |
|
| 022 | _a01372343 | ||
| 040 | _cBPK | ||
| 041 | 0 |
_apol _beng |
|
| 044 | _aPOL | ||
| 080 | _a621.396:621.372 | ||
| 942 | _cKS | ||
| 008 | 090408s2008 pl |001 0 pol | ||
| 999 |
_c56141 _d56141 |
||
| 856 |
_uhttp://koha.tu.koszalin.pl/cgi-bin/koha/opac-detail.pl?biblionumber=56141 _yKatalog online BPK |
||